000 01043pab a2200181 454500
008 180718b2011 xxu||||| |||| 00| 0 eng d
100 _aDutta, Sujit K.
245 _aEthnic communities and non-traditional land uses in the north Cachar hills of Assam: A critical study
260 _c2011
300 _ap.340-349.
362 _aApr-Jun
520 _aNorth Cachar Hills is the only hill district of Assam with its headquarters at Haflong having an area of 4888 sq.km. and 581 villages. The district has been functioning with its full authority by forming an Autonomous Council. Traditional slash and burn agriculture (locally referred as `jhum') is the predominant land use in uplands. This study was undertaken to understand cropping patterns, marketing system and relationships between landholding size and productivity in selected villages of North Cachar Hills district of Assam. - Reproduced.
650 _aEthnic groups
650 _aLand use
773 _aIndian Journal of Public Administration
908 _aN
909 _a92631
999 _c92631
_d92631